Most Populated City in Each County in Wyoming - Statistics

General Stats
  • This quiz has been taken 31 times
  • The average score is 14 of 23
Answer Stats
County City Pop. City % Correct
Laramie 65,051 Cheyenne
100%
Natrona 58,656 Casper
96%
Campbell 32,884 Gillette
96%
Albany 31,659 Laramie
96%
Teton 10,849 Jackson
93%
Sheridan 19,095 Sheridan
93%
Park 10,174 Cody
79%
Sweetwater 23,196 Rock Springs
79%
Uinta 11,814 Evanston
68%
Hot Springs 2,706 Thermopolis
61%
Carbon 8,298 Rawlins
57%
Fremont 10,587 Riverton
54%
Johnson 4,469 Buffalo
50%
Lincoln 2,422 Kemmerer
50%
Converse 6,351 Douglas
43%
Goshen 6,132 Torrington
43%
Weston 3,204 Newcastle
39%
Sublette 2,262 Pinedale
39%
Niobrara 1,497 Lusk
36%
Crook 1,043 Sundance
36%
Platte 3,597 Wheatland
36%
Big Horn 2,271 Lovell
29%
Washakie 4,787 Washakie
11%
No matching quizzes found
Score Distribution
Percent of People with Each Score
Percentile by Number Answered
Your Score History
You have not taken this quiz